000 00546nam a2200181Ia 4500
999 _c716
_d716
020 _a951-555-238-9
082 _a304.60846 CON;
245 0 _aProceedings of the xv: th annual conference of the European marketing academy
260 _aHelsinki
_bs.n.
_c1986
300 _a634p.
500 _aContents: Vol.1
650 _aMarketing research - Mathematical research
650 _aMarketing - Mathematical research
700 _aMoller, Kristian
700 _aPaltschik, Mikael
710 _aContemporary research in marketing
942 _cBK